000 00284nam a2200109Ia 4500
008 190914s9999||||xx |||||||||||||| ||und||
100 _aPaul R.Brown
245 0 _aFinancial Reporting and Statement Analysis
260 _aLondon
_bWorld Scientific
_c2002
300 _a936
942 _cBK
999 _c8551
_d8551